| 000 | 00421 a2200157 4500 | ||
|---|---|---|---|
| 001 | 177786 | ||
| 020 | _a | ||
| 040 | _cMagnum | ||
| 100 | _aCarvalho, Carmem Silvia | ||
| 240 | 1 | 0 |
_aConstruindo a escrita: leitura e interpretacao de textos - v.2 _lpor |
| 245 | 1 | 0 | _aConstruindo a escrita: leitura e interpretacao de textos - v.2 |
| 362 | 0 | _a1899 | |
| 440 | 1 | _aÁtica | |
| 697 | _aMAGNITO: PARADIDATICO | ||
| 942 | _cBK | ||
| 999 |
_c177786 _d177786 |
||